Về tính giải được của bài toán biên ban đầu thứ nhất đối với hệ phương trình parabolic theo Petrovsky trong trụ hữu hạn với đáy là miền không trơn /

Kaydedildi:
Detaylı Bibliyografya
Yazar: Nguyễn Mạnh Hùng.
Diğer Yazarlar: Phạm Triều Dương.
Materyal Türü: Makale
Dil:Vietnamese
Etiketler: Etiketle
Etiket eklenmemiş, İlk siz ekleyin!
Thư viện lưu trữ: Thư viện Trường Đại học Đà Lạt
LEADER 00907nam a2200241 4500
001 DLU120000731
005 ##20120726
040 # # |a DLU  |b vie 
041 # # |a vie 
044 # # |a vn 
100 # # |a Nguyễn Mạnh Hùng. 
245 # # |a Về tính giải được của bài toán biên ban đầu thứ nhất đối với hệ phương trình parabolic theo Petrovsky trong trụ hữu hạn với đáy là miền không trơn /  |c Nguyễn Mạnh Hùng, Phạm Triều Dương. 
700 # # |a Phạm Triều Dương. 
773 # # |t Thông báo khoa học của các trường đại học: Toán-Tin học  |g 2002, tr. 50-55 
920 # # |a Phòng Tạp chí -- Trung tâm Thông tin - Thư viện Trường Đại học Đà Lạt 
994 # # |a DLU 
900 # # |a True 
911 # # |a Nguyễn Thị Thu Phương 
925 # # |a G 
926 # # |a A 
927 # # |a BB 
980 # # |a Thư viện Trường Đại học Đà Lạt